000 00299nam a22001337a 4500
008 181102b xxu||||| |||| 00| 0 eng d
020 _a9781587787409
041 _aeng
080 _26 ed
_a341
100 _a15
101 _aJUR
245 _aPayments And Credits
_cWaren.W.D
942 _2udc
_cBK
999 _c51726
_d51726